000 00881cam a22002054a 4500
005 20250605164002.0
008 250528s ||||||||||||||||||||||||d
035 _a15676
020 _a1873929374
040 _aGR-AtMCL
_bgre
_dGR-AtMCL
_eAACR2
245 1 _aEconomics / Second Edition
250 _a2nd
260 _bCauseway Press,
_c1995
300 _a764
520 _aA comprehensive, accessible and flexible course book for students of economics. Basic Concepts and Techniques, Price Theory, Demand Theory, The Theory of the Firm, Welfare Economics and Market Failure, Factors of Production and Their Reward, National Output, Money, The Keynesian Model, International Trade, Macroeconomic Problems, The Developing World, Economic Systems and Economic Methodology, Index.
700 1 _aAnderton Alain
_91645
942 _cBK
999 _c1238
_d1238